El estrés: qué es y cómo evitarlo
Guardat en:
| Autor principal: | |
|---|---|
| Format: | Llibre |
| Idioma: | espanyol |
| Publicat: |
Ciudad de México
Fondo de Cultura Económica
1999
|
| Edició: | 2a. ed |
| Col·lecció: | La Ciencia para Todos, 172
|
| Matèries: | |
| Etiquetes: |
Afegir etiqueta
Sense etiquetes, Sigues el primer a etiquetar aquest registre!
|
MARC
| LEADER | 00000nam a2200000 a 4500 | ||
|---|---|---|---|
| 001 | UCL0852 | ||
| 003 | CL-VaPUC | ||
| 008 | 030825e19990000MX |||||||||||||||||spa|d | ||
| 020 | |a 9681660919 | ||
| 082 | 0 | 4 | |a 155.9042 |b ORL |2 21 |
| 100 | |a Orlandini, Alberto |e autor |9 477573 | ||
| 245 | 1 | 3 | |a El estrés: qué es y cómo evitarlo |
| 250 | |a 2a. ed | ||
| 300 | |a 220 p | ||
| 942 | |c BK | ||
| 945 | |d 20030825 00:00:00 |a cmena | ||
| 260 | |a Ciudad de México |b Fondo de Cultura Económica |c 1999 | ||
| 650 | 0 | |a Salud mental |9 308393 | |
| 650 | 7 | |a STRESS |2 CL-VaPUC |9 311386 | |
| 650 | 0 | |a Psicología |9 257863 | |
| 583 | |a last modification |c 20030825 00:00:00 |k Rodrigo Vera | ||
| 490 | 0 | |a La Ciencia para Todos, 172 | |
| 999 | |c 304578 |d 304576 | ||
| 952 | |0 0 |1 0 |4 0 |6 155_904200000000000_ORL_1999 |7 0 |8 A |9 367022 |a BIBEDU |b BIBEDU |d 2019-11-21 |i 3932664 |o 155.9042 ORL 1999 |p 3932664 |r 2019-11-21 |w 2019-11-21 |y BK |k EPE | ||